000 02379nam0a2200421 4500
001 RU\NLR\BIBL_A\011554863
005 20260407055550.0
020 _aRU
_b10479
_9Сводный каталог листовок первых лет Советской власти (25 октября (7 ноября) 1917 - 1925) Т.4 (Ч.2). Листовки советских, партийных, профсоюзных, комсомольских и других организаций губерний РСФСР
035 _a(NLR Aleph) 011554863
090 _a12255694
_c12255694
100 _a20171211d1921 |||y0rusy50 ca
101 0 _arus
102 _aRU
105 _ay z 000zy
135 _acrcn 024anaba
200 1 _aИнструкция для заполнения анкет Сапожковского уотнаробраза по внешкольному образованию
_e[листовка
_fСапожковский уезд. исполнительный комитет Советов]
210 _a[Сапожок
_cб. и.
_d1921]
215 _a1 с.
_d32x18
300 _aПодпись: Сапожковский уотнаробраза
300 _aГод изд. установлен по дате поступления обяз. экз.
325 _aКопия доступна в Электрон. б-ке РНБ
607 _aРСФСР
_jЛистовки
_xПолитика и управление
_y1917 - 1925
_92312782
_3RU\NLR\auth\6601609564
686 0 _aТ3(2)71-313,011
686 1 _aТ3(2Р-4Ря)713-7,011
711 0 2 _aСапожковский уездный отдел народного образования
_3RU\NLR\AUTH\8810026165
_9550550
712 0 2 _4570
_aСапожковский уездный исполнительный комитет Советов
_9457985
_3RU\NLR\AUTH\880395820
852 0 0 _aNLR
_bФЛ
_j49/62
856 0 _uhttps://vivaldi.nlr.ru/ll000000373/view
856 1 _uhttps://vivaldi.nlr.ru/ll000000373/cover
856 2 _uhttps://vivaldi.nlr.ru/ll000000373/text
942 _cBOOK
980 _aNB
981 2 1 _a(21) Листовки
_b(21) Листовки 1921 года